MARC

LEADER 00000nam0a2200000 4500
001 262856
005 20231101233706.0
035 |a (RuTPU)RU\TPU\book\285839 
090 |a 262856 
100 |a 20140604d1969 k y0rusy50 ca 
101 0 |a rus 
102 |a RU 
105 |a a z 001zy 
200 1 |a Электрическое моделирование с применением вихревых полей  |f Г. А. Рязанов 
210 |a Москва  |c Наука  |d 1969 
215 |a 335 с.  |c ил. 
320 |a Библиогр.: с. 320. 
606 1 |a Электромагнитное поле  |x (электромагнетизм)  |2 stltpush  |3 (RuTPU)RU\TPU\subj\20157  |9 45278 
610 1 |a векторные поля 
610 1 |a вихри 
610 1 |a квазистационарные поля 
610 1 |a измерения 
610 1 |a индукционное электрическое поле 
610 1 |a опыты 
610 1 |a проводники 
610 1 |a двумерные поля 
610 1 |a моделирование 
610 1 |a трехмерные поля 
610 1 |a теория упругости 
610 1 |a идеальные жидкости 
610 1 |a циркуляционные потоки 
675 |a 537.811  |v 3 
700 1 |a Рязанов  |b Г. А.  |g Георгий Александрович 
801 1 |a RU  |b 63413507  |c 20140604 
801 2 |a RU  |b 63413507  |c 20150203  |g RCR 
942 |c BK